The Rightmove house price index (Record no. 105949)

MARC details
000 -LEADER
fixed length control field 01277cam a2200217 4500
001 - CONTROL NUMBER
control field ##L135208
008 - FIXED-LENGTH DATA ELEMENTS--GENERAL INFORMATION
fixed length control field 061004n2006 000 0 eng u
035 ## - SYSTEM CONTROL NUMBER
System control number (Sirsi) u135208
041 0# - LANGUAGE CODE
Language code of text/sound track or separate title eng
050 04 - LIBRARY OF CONGRESS CALL NUMBER
Classification number 333.33 $2 18
110 ## - MAIN ENTRY--CORPORATE NAME
Corporate name or jurisdiction name as entry element Rightmove
245 04 - TITLE STATEMENT
Title The Rightmove house price index
Remainder of title September edition
260 ## - PUBLICATION, DISTRIBUTION, ETC.
Place of publication, distribution, etc. London
Name of publisher, distributor, etc. Rightmove
Date of publication, distribution, etc. 2006
490 #0 - SERIES STATEMENT
Series statement Rightmove House Price Index
Volume/sequential designation 18 September 2006
520 ## - SUMMARY, ETC.
Summary, etc. Shows trends in asking prices up to 9 September 2006. Average asking prices rose by just 0.26% (£526) in the month, giving further evidence that the 2006 price surge is coming to an end. The average property asking price stands at £214 566. The annual rate of increase has risen to 9.8% but it is likely to drift down to 8% by year end. Price adjustments are reflecting the increasing costs of home ownership. Potential sellers are struggling to trade up confronted by the unusual combination of flatter prices and a fall in the number of properties for sale.
650 24 - SUBJECT ADDED ENTRY--TOPICAL TERM
Topical term or geographic name entry element RIGHTMOVE HOUSE PRICE INDEX
651 #4 - SUBJECT ADDED ENTRY--GEOGRAPHIC NAME
Geographic name England and Wales
Chronological subdivision 1543-
690 ## - LOCAL SUBJECT ADDED ENTRY--TOPICAL TERM (OCLC, RLIN)
Topical term or geographic name as entry element PROPERTY-RESIDENTIAL PROPERTY-RESIDENTIAL PROPERTY MARKET
856 40 - ELECTRONIC LOCATION AND ACCESS
Uniform Resource Identifier <a href="https://www.rightmove.co.uk">https://www.rightmove.co.uk</a>
Public note View the house price index free of charge at www.rightmove.co.uk...
942 ## - ADDED ENTRY ELEMENTS (KOHA)
Suppress in OPAC 0
Holdings
Withdrawn status Lost status Source of classification or shelving scheme Damaged status Not for loan Home library Current library Shelving location Date acquired Total Checkouts Full call number Barcode Date last seen Copy number Price effective from Koha item type
    Dewey Decimal Classification     Virtual Virtual Online 04/10/2006   ONLINE PUBLICATION 135208-2001 06/08/2019 1 06/08/2019 Book